[Event "Leverkusen Bayer op 9th"]
[Site "Leverkusen"]
[Date "2011.01.10"]
[Round "1"]
[White "Biessner, Eberhard"]
[Black "Van Hove, Ode"]
[Result "1-0"]
[WhiteElo "1836"]
[BlackElo "1425"]
[PlyCount "56"]
[EventDate "2011.01.10"]
[EventType "swiss"]
[EventRounds "7"]
[EventCountry "GER"]
[SourceTitle "EXT 2012"]
[Source "ChessBase"]
[SourceDate "2011.11.24"]
[SourceVersion "1"]
[SourceVersionDate "2011.11.24"]
[SourceQuality "1"]

1. e4 e5 2. Nf3 f5 3. d3 d6 4. Nc3 Nf6 5. Bg5 Be7 6. g3 0-0 7. Bg2 Ne8 8. h4 c6 9. Qd2 Be6 10. a3 Na6 11. 0-0-0 Nf6 12. Rde1 b5 13. d4 fxe4 14. Nxe4 Nxe4 15. Rxe4 Bd5 16. Bxe7 Qxe7 17. Re3 Rf6 18. dxe5 dxe5 19. Ne1 Qf7 20. Bxd5 cxd5 21. Rxe5 Rxf2 22. Qxd5 Qxd5 23. Rxd5 Nc7 24. Rc5 Ne6 25. Rd5 a6 26. Rg1 Rc8 27. c3 Nc5 28. Nd3 Ne4 1-0

[Event "Leverkusen-ch op"]
[Site "Leverkusen"]
[Date "2010.03.22"]
[Round "5"]
[White "Runte, Dirk"]
[Black "Van Hove, Ode"]
[Result "1-0"]
[WhiteElo "1584"]
[BlackElo "1310"]
[PlyCount "63"]
[EventDate "2010.01.18"]
[EventType "swiss"]
[EventRounds "7"]
[EventCountry "GER"]
[SourceTitle "EXT 2011"]
[Source "ChessBase"]
[SourceDate "2010.11.26"]
[SourceVersion "1"]
[SourceVersionDate "2010.11.26"]
[SourceQuality "1"]

1. e4 e5 2. Nf3 f5 3. Nxe5 Qf6 4. d4 d6 5. Nc4 fxe4 6. Nc3 Qg6 7. f3 Nf6 8. Qe2 Nc6 9. Nxe4 Nxe4 10. Qxe4+ Qxe4+ 11. fxe4 Nxd4 12. Bd3 Be6 13. Na3 0-0-0 14. Be3 Nc6 15. Nb5 Kb8 16. a4 Be7 17. Nd4 Nxd4 18. Bxd4 Rhg8 19. 0-0 Bg5 20. b4 Bd2 21. b5 Ba5 22. Rf2 Bb6 23. c3 g5 24. a5 Bxd4 25. cxd4 h5 26. d5 Bd7 27. Rb2 b6 28. axb6 axb6 29. Rba2 Kb7 30. Ra7+ Kb8 31. Ra8+ Kb7 32. R1a7# 1-0

[Event "Leverkusen-ch op"]
[Site "Leverkusen"]
[Date "2009.01.12"]
[Round "1"]
[White "Van Hove, Ode"]
[Black "Bigott, Martin"]
[Result "0-1"]
[WhiteElo "1308"]
[BlackElo "1683"]
[PlyCount "70"]
[EventDate "2009.01.12"]
[EventType "swiss"]
[EventRounds "7"]
[EventCountry "GER"]
[SourceTitle "EXT 2010"]
[Source "ChessBase"]
[SourceDate "2010.11.25"]
[SourceVersion "1"]
[SourceVersionDate "2010.11.25"]
[SourceQuality "1"]

1. e4 Nf6 2. e5 Nd5 3. Nc3 e6 4. Bc4 Nb6 5. Bb3 Nc6 6. Nf3 Na5 7. 0-0 Be7 8. d4 0-0 9. Ne2 d6 10. Ng3 Nxb3 11. axb3 dxe5 12. dxe5 Bd7 13. Qe2 c5 14. Rd1 Qc7 15. Ne4 Nd5 16. Bg5 Bxg5 17. Nexg5 Bc6 18. Qe4 g6 19. Qh4 h5 20. Ne4 f5 21. Nxc5 Rae8 22. Qg5 Kh7 23. Nd3 a6 24. Re1 Ne7 25. Nh4 Be4 26. Nf4 Rg8 27. Rad1 Qxe5 28. Rd7 Rg7 29. Rxb7 Qd6 30. Ra7 e5 31. Nd3 Bxd3 32. cxd3 Qxd3 33. Rb7 Qd5 34. Rc7 Qxb3 35. Rxe5 Qd1+ 0-1

[Event "Leverkusen-ch op"]
[Site "Leverkusen"]
[Date "2008.04.14"]
[Round "7"]
[White "Teuber, Alfons"]
[Black "Van Hove, Ode"]
[Result "0-1"]
[WhiteElo "1087"]
[BlackElo "1387"]
[PlyCount "103"]
[EventDate "2008.01.14"]
[EventType "swiss"]
[EventRounds "7"]
[EventCountry "GER"]
[SourceTitle "EXT 2010"]
[Source "ChessBase"]
[SourceDate "2010.11.25"]
[SourceVersion "1"]
[SourceVersionDate "2010.11.25"]
[SourceQuality "1"]

1. e4 e5 2. Bc4 Nf6 3. d3 c6 4. Nf3 d5 5. exd5 cxd5 6. Bb5+ Bd7 7. a4 Bd6 8. Bg5 a6 9. Bxd7+ Nbxd7 10. Nbd2 0-0 11. 0-0 Re8 12. Nh4 h6 13. Nf5 Bc7 14. Bh4 Nf8 15. Qf3 Ng6 16. Bxf6 Qxf6 17. Nxh6+ Kf8 18. Qxf6 gxf6 19. Nf5 Ne7 20. g4 Nxf5 21. gxf5 Ke7 22. f3 Bb6+ 23. Kh1 Rh8 24. Rae1 Rh5 25. f4 Rxf5 26. fxe5 Rxe5 27. Rxe5+ fxe5 28. b4 Rg8 29. Nf3 f6 30. c3 Ke6 31. Re1 Rg4 32. a5 Ba7 33. Re2 Kf5 34. Rg2 Rxg2 35. Kxg2 Kf4 36. Nd2 e4 37. dxe4 dxe4 38. h3 Be3 39. Nc4 Bc1 40. Kf2 Kg5 41. Nd6 f5 42. Nxb7 Bb2 43. c4 Ba3 44. b5 Bb2 45. b6 Bd4+ 46. Ke2 f4 47. Nd6 f3+ 48. Kf1 e3 49. h4+ Kf4 50. b7 e2+ 51. Ke1 Bc3+ 52. Kf2 0-1

[Event "Dortmund op-B"]
[Site "Dortmund"]
[Date "2007.06.30"]
[Round "8"]
[White "Van Hove, Ode"]
[Black "Grunwald, Guenther"]
[Result "0-1"]
[WhiteElo "1484"]
[BlackElo "1570"]
[PlyCount "90"]
[EventDate "2007.06.22"]
[EventType "swiss"]
[EventRounds "9"]
[EventCountry "GER"]
[SourceTitle "EXT 2008"]
[Source "ChessBase"]
[SourceDate "2007.11.25"]
[SourceVersion "1"]
[SourceVersionDate "2007.11.25"]
[SourceQuality "1"]

1. e4 e5 2. Nf3 Nc6 3. Bc4 Be7 4. Nc3 Nf6 5. 0-0 Nxe4 6. Nxe4 d5 7. Bd3 dxe4 8. Bxe4 f6 9. h3 0-0 10. c3 Nb8 11. Bc2 Bd6 12. d4 exd4 13. Nxd4 Bd7 14. Nf5 Bxf5 15. Bxf5 g6 16. Bc2 Be7 17. Qf3 Nc6 18. Rd1 Bd6 19. Be3 Rb8 20. Bh6 Re8 21. Qd5+ Kh8 22. Qf7 Qe7 23. Qxe7 Rxe7 24. Re1 Rbe8 25. Kf1 Na5 26. Ba4 Rxe1+ 27. Rxe1 Rxe1+ 28. Kxe1 Nc4 29. b3 Ne5 30. Bb5 g5 31. h4 gxh4 32. Be2 Ng6 33. Be3 b6 34. a4 Kg7 35. Kd2 c5 36. c4 f5 37. f3 Bg3 38. a5 Ne5 39. axb6 axb6 40. Bg5 Nc6 41. Ke3 Kf7 42. Bf4 Be1 43. Bc7 Ba5 44. Kf4 Kg6 45. Bd3 Bd2# 0-1

[Event "Leverkusen-ch op"]
[Site "Leverkusen"]
[Date "2007.01.22"]
[Round "2"]
[White "Wegener, Marcus"]
[Black "Van Hove, Ode"]
[Result "1-0"]
[WhiteElo "2046"]
[BlackElo "1494"]
[PlyCount "37"]
[EventDate "2007.01.08"]
[EventType "swiss"]
[EventRounds "7"]
[EventCountry "GER"]
[SourceTitle "EXT 2008"]
[Source "ChessBase"]
[SourceDate "2007.11.25"]
[SourceVersion "1"]
[SourceVersionDate "2007.11.25"]
[SourceQuality "1"]

1. e4 e5 2. Nf3 d5 3. exd5 e4 4. Qe2 Nf6 5. d3 Be7 6. dxe4 0-0 7. Be3 Re8 8. Nbd2 Bd6 9. 0-0-0 Nxe4 10. Nxe4 Rxe4 11. Ng5 Rg4 12. h4 Bd7 13. Ne6 Bxe6 14. dxe6 Rg6 15. exf7+ Kf8 16. Bg5 Qd7 17. Qh5 b5 18. Bxb5 Nc6 19. Qxh7 1-0

[Event "Dortmund Sparkassen op-B"]
[Site "Dortmund"]
[Date "2006.07.28"]
[Round "1"]
[White "Meschke, Oliver"]
[Black "Van Hove, Ode"]
[Result "1/2-1/2"]
[WhiteElo "2007"]
[BlackElo "1518"]
[PlyCount "47"]
[EventDate "2006.07.28"]
[EventType "swiss"]
[EventRounds "9"]
[EventCountry "GER"]
[SourceTitle "CBM 113 Extra"]
[Source "ChessBase"]
[SourceDate "2006.09.14"]
[SourceVersion "1"]
[SourceVersionDate "2006.09.14"]
[SourceQuality "1"]

1. f4 e5 2. fxe5 d6 3. exd6 Bxd6 4. Nf3 g5 5. g3 Nc6 6. d3 h6 7. Nc3 Be6 8. Be3 Qe7 9. Qd2 Nf6 10. Bg2 0-0-0 11. a3 Rhe8 12. 0-0-0 Bxa3 13. Nb5 Bb4 14. c3 Bc5 15. Nfd4 Nxd4 16. Bxd4 Bxd4 17. Nxd4 Bd7 18. e4 Qc5 19. Qf2 Ng4 20. Qf3 Ne5 21. Qf6 Bg4 22. Rd2 Rxd4 23. Qf2 Nc6 24. Kb1 1/2-1/2

[Event "GER-ch Seniors-B 17th"]
[Site "Essen"]
[Date "2005.08.28"]
[Round "8"]
[White "Kluge, Hans Christof"]
[Black "Van Hove, Ode"]
[Result "1/2-1/2"]
[WhiteElo "1552"]
[BlackElo "1446"]
[PlyCount "85"]
[EventDate "2005.08.20"]
[EventType "swiss"]
[EventRounds "9"]
[EventCountry "GER"]
[SourceTitle "CBM 108 Extra"]
[Source "ChessBase"]
[SourceDate "2005.11.04"]
[SourceVersion "1"]
[SourceVersionDate "2005.11.04"]
[SourceQuality "1"]

1. d4 Nf6 2. Nf3 d5 3. Nbd2 Bg4 4. h3 Bh5 5. c3 c6 6. Qb3 Qd7 7. Ne5 Qc7 8. Ndf3 h6 9. Bf4 Qc8 10. Qc2 e6 11. g4 g5 12. Bg3 Bg6 13. Nxg6 fxg6 14. Qxg6+ Ke7 15. Ne5 Rh7 16. h4 Rg7 17. Qxh6 Rg8 18. Ng6+ Kf7 19. Nxf8 Qxf8 20. Qxf8+ Kxf8 21. f3 Rh8 22. 0-0-0 Nbd7 23. e3 Kf7 24. Bd3 gxh4 25. Rxh4 Rxh4 26. Bxh4 Rh8 27. Bg5 Rh3 28. Rf1 Nf8 29. Rf2 Ng6 30. Bf1 Rh1 31. Kc2 Nh7 32. Bd8 Ke8 33. Bc7 Ng5 34. Be2 Rh3 35. Rh2 Nh4 36. Rxh3 Nxh3 37. Kd2 Ng1 38. f4 Nxe2 39. Kxe2 Ng6 40. Kf3 Ne7 41. e4 dxe4+ 42. Kxe4 Nd5 43. a3 1/2-1/2

[Event "Dortmund op-B"]
[Site "Dortmund"]
[Date "2004.07.28"]
[Round "6"]
[White "Nadrowski, Joseph"]
[Black "Van Hove, Ode"]
[Result "1-0"]
[WhiteElo "1796"]
[BlackElo "1500"]
[PlyCount "89"]
[EventDate "2004.07.??"]
[EventType "swiss"]
[EventRounds "9"]
[EventCountry "GER"]
[SourceTitle "EXT 2006"]
[Source "ChessBase"]
[SourceDate "2005.11.24"]
[SourceVersion "1"]
[SourceVersionDate "2005.11.24"]
[SourceQuality "1"]

1. Nf3 Nf6 2. c4 e6 3. Nc3 d5 4. d4 Be7 5. e3 0-0 6. a3 Nbd7 7. b4 dxc4 8. Bxc4 Nb6 9. Be2 c6 10. 0-0 Nfd5 11. Na2 Nc7 12. Bd2 Ne8 13. Qc2 Nd6 14. Nc1 Re8 15. Bd3 h6 16. Ne2 Rf8 17. Ng3 Qc7 18. Ne5 Nd7 19. Nf3 Ne8 20. Rfc1 a6 21. Qb2 Qd8 22. e4 Nef6 23. Bb1 Re8 24. Qc2 Nf8 25. h3 N6d7 26. Be3 Bf6 27. Rd1 Nb6 28. Ba2 Rb8 29. Rac1 Na8 30. d5 exd5 31. Ba7 Be6 32. exd5 Bxd5 33. Bxd5 cxd5 34. Bxb8 Qxb8 35. Rxd5 Ne6 36. Rd7 Nb6 37. Rdd1 Rc8 38. Qb3 Rxc1 39. Rxc1 Qf4 40. Qc2 Nd4 41. Nxd4 Qxd4 42. Ne4 Bh4 43. Rd1 Qe5 44. Re1 Qb8 45. Nd6 1-0

[Event "Dortmund op-B"]
[Site "Dortmund"]
[Date "2003.08.06"]
[Round "5"]
[White "Van Hove, Ode"]
[Black "Maciejok, Joshua"]
[Result "1-0"]
[WhiteElo "1477"]
[BlackElo "1223"]
[PlyCount "121"]
[EventDate "2003.08.01"]
[EventType "swiss"]
[EventRounds "9"]
[EventCountry "GER"]
[SourceTitle "CBM 095 Extra"]
[Source "ChessBase"]
[SourceDate "2003.09.04"]
[SourceVersion "1"]
[SourceVersionDate "2003.09.04"]
[SourceQuality "1"]

1. e4 e5 2. Nf3 d6 3. d4 Bg4 4. dxe5 Bxf3 5. Qxf3 dxe5 6. Bc4 Nf6 7. Qb3 Qe7 8. Qxb7 Qb4+ 9. Qxb4 Bxb4+ 10. c3 Bc5 11. Nd2 0-0 12. 0-0 Nbd7 13. Re1 Rab8 14. h3 c6 15. Nf3 h6 16. Bb3 Rfe8 17. Ba4 Rec8 18. a3 a5 19. Rb1 Ba7 20. Bd2 Nc5 21. Bc2 Nb3 22. Be3 Bxe3 23. Rxe3 Nd7 24. Rd3 Nbc5 25. Rd6 Rc7 26. Ne1 Nf6 27. f3 Nfd7 28. b4 axb4 29. cxb4 Nb7 30. Rd2 f6 31. Bb3+ Kh7 32. Nc2 c5 33. Ne3 cxb4 34. axb4 Nb6 35. Nd5 Nxd5 36. Bxd5 Na5 37. b5 Rbc8 38. Ra2 Nc4 39. Rc1 Nb6 40. Rxc7 Rxc7 41. Bc6 Nd7 42. Ra8 Nb6 43. Ra6 Nd7 44. Bd5 Rc1+ 45. Kh2 Rb1 46. Ra7 Nb6 47. Bc6 Rb2 48. Rb7 Nc8 49. Bd7 Nd6 50. Rb8 Nc4 51. Bf5+ g6 52. Rb7+ Kg8 53. Bxg6 Ne3 54. Bh5 Rxg2+ 55. Kh1 Rg3 56. Bf7+ Kf8 57. Be6 Rxf3 58. Rf7+ Ke8 59. b6 Rf1+ 60. Kh2 Rb1 61. Rxf6 1-0

[Event "Dortmund op-B"]
[Site "Dortmund"]
[Date "2003.08.03"]
[Round "3"]
[White "Van Hove, Ode"]
[Black "Westermann, Bernhard"]
[Result "0-1"]
[WhiteElo "1477"]
[BlackElo "1754"]
[PlyCount "57"]
[EventDate "2003.08.01"]
[EventType "swiss"]
[EventRounds "9"]
[EventCountry "GER"]
[SourceTitle "CBM 095 Extra"]
[Source "ChessBase"]
[SourceDate "2003.09.04"]
[SourceVersion "1"]
[SourceVersionDate "2003.09.04"]
[SourceQuality "1"]

1. e4 Nf6 2. e5 Nd5 3. c4 Nb4 4. a3 N4a6 5. Nf3 c5 6. Nc3 Nc6 7. d3 g6 8. Bf4 Bg7 9. Qd2 Nc7 10. Bh6 Ne6 11. Bxg7 Nxg7 12. Be2 Nf5 13. Bd1 h5 14. 0-0 b6 15. Re1 Bb7 16. Qf4 Ncd4 17. Nxd4 Nxd4 18. Ne4 Bxe4 19. Qxe4 Rb8 20. Rb1 e6 21. Qf4 g5 22. Qd2 g4 23. Qf4 Rg8 24. g3 Qg5 25. Re4 Ke7 26. Kg2 Nc6 27. b4 Nxe5 28. d4 Nxc4 29. dxc5 0-1

[Event "Nord West Cup 05th"]
[Site "Bad Zwischenahn"]
[Date "2003.??.??"]
[Round "7"]
[White "Strunski, Andreas"]
[Black "Van Hove, Ode"]
[Result "1/2-1/2"]
[WhiteElo "1642"]
[BlackElo "1438"]
[PlyCount "72"]
[EventDate "2003.02.??"]
[EventType "swiss"]
[EventRounds "7"]
[EventCountry "GER"]
[SourceTitle "EXT 2004"]
[Source "ChessBase"]
[SourceDate "2003.11.25"]
[SourceVersion "1"]
[SourceVersionDate "2003.11.25"]
[SourceQuality "1"]

1. e4 e5 2. Nf3 f5 3. Nxe5 Qf6 4. d4 fxe4 5. Bc4 Nc6 6. Bf7+ Ke7 7. Nxc6+ bxc6 8. Bb3 Qg6 9. 0-0 d5 10. Bf4 Kd8 11. c4 Be6 12. Nc3 Nf6 13. cxd5 cxd5 14. Rc1 c6 15. Na4 Bd7 16. Qd2 Be7 17. Qa5+ Ke8 18. Nb6 Rd8 19. Qxa7 Qf5 20. Bc7 Kf7 21. Bxd8 Rxd8 22. Qa5 Be8 23. Qd2 Bd6 24. Qe2 Kf8 25. a4 h5 26. a5 h4 27. f3 Qf4 28. g3 hxg3 29. fxe4 Qh4 30. hxg3 Qxg3+ 31. Qg2 Qe3+ 32. Qf2 Qg5+ 33. Kh1 Qh5+ 34. Kg2 Qg4+ 35. Kh1 Qh5+ 36. Kg1 Qg5+ 1/2-1/2

[Event "Nord West Cup 3rd"]
[Site "Oldenburg"]
[Date "2001.02.04"]
[Round "7"]
[White "Van Hove, Ode"]
[Black "Wind, Michiel A"]
[Result "0-1"]
[WhiteElo "1492"]
[BlackElo "1678"]
[PlyCount "72"]
[EventDate "2001.02.01"]
[EventType "swiss"]
[EventRounds "7"]
[EventCountry "GER"]
[SourceTitle "EXT 2010"]
[Source "ChessBase"]
[SourceDate "2010.11.25"]
[SourceVersion "1"]
[SourceVersionDate "2010.11.25"]
[SourceQuality "1"]

1. e4 c6 2. Nc3 d5 3. Nf3 Bg4 4. h3 Bh5 5. g4 Bg6 6. exd5 cxd5 7. Bb5+ Nc6 8. Ne5 Qd6 9. d4 a6 10. Bxc6+ bxc6 11. Na4 f6 12. Nxg6 hxg6 13. c3 e5 14. Qe2 e4 15. Nc5 Qb8 16. Ne6 Qc8 17. Nxf8 Kxf8 18. Bf4 Qe6 19. Bc7 Qd7 20. Bb6 f5 21. gxf5 gxf5 22. 0-0-0 Kf7 23. Qe3 Nf6 24. f3 Rae8 25. fxe4 Nxe4 26. Qf4 g6 27. Rdf1 Qb7 28. Bc5 Nxc5 29. dxc5 Re4 30. Qf3 Rhe8 31. Rh2 Qe7 32. Rd1 Qxc5 33. h4 Qe3+ 34. Qxe3 Rxe3 35. Kd2 R3e4 36. Rf1 Rh8 0-1

[Event "Nord West Cup 3rd"]
[Site "Oldenburg"]
[Date "2001.02.02"]
[Round "3"]
[White "Van Hove, Ode"]
[Black "Glatzel, Hans Joachim"]
[Result "1-0"]
[WhiteElo "1492"]
[BlackElo "1726"]
[PlyCount "61"]
[EventDate "2001.02.01"]
[EventType "swiss"]
[EventRounds "7"]
[EventCountry "GER"]
[SourceTitle "EXT 2010"]
[Source "ChessBase"]
[SourceDate "2010.11.25"]
[SourceVersion "1"]
[SourceVersionDate "2010.11.25"]
[SourceQuality "1"]

1. e4 e6 2. d4 d5 3. Nc3 Bb4 4. Bd2 dxe4 5. Qg4 Qxd4 6. 0-0-0 f5 7. Qg3 Bd6 8. Bf4 Bxf4+ 9. Qxf4 Qc5 10. f3 Nf6 11. fxe4 0-0 12. exf5 Nd5 13. Nxd5 exd5 14. Bd3 Nc6 15. a3 Ne7 16. g4 Bd7 17. Nf3 Rad8 18. Rhe1 Nc8 19. Nd2 Nd6 20. Nb3 Qb6 21. Bf1 Qc6 22. Qd4 Nxf5 23. gxf5 Bxf5 24. Bd3 Qh6+ 25. Kb1 Bxd3 26. Qxd3 c6 27. Nc5 Rf7 28. Ne6 Rd6 29. Nd4 Rd8 30. Rf1 Rxf1 31. Rxf1 1-0